| 000 | 00949nam a2200253 a 4500 | ||
|---|---|---|---|
| 005 | 20210219160356.0 | ||
| 008 | 081027s2000 mx r 000 0 spa d | ||
| 020 | _a8481643807 (Editorial Trotta, S.A.; Vol. II) | ||
| 020 | _a8481643505 (Editorial Trotta, S.A.; obra completa) | ||
| 020 | _a9233036537 (UNESCO obra completa) | ||
| 020 | _a9233031519 | ||
| 035 | _aUPN01000164273 | ||
| 049 | _aUNE | ||
| 080 | _a970/980 "2000" HIS Vol. II | ||
| 245 | 0 |
_aHistoria general de América Latina, Volumen II : _bEl primer contacto y la formación de nuevas sociedades / _cDirector del volumen Franklin Pease, G.Y.; Codirector Frank Moya Pons. |
|
| 260 |
_aParís : _bUNESCO; _aEspaña : _bEditorial Trotta, _c2000. |
||
| 300 |
_a556 p. ; _bmap., retrs. |
||
| 500 | _aIncluye bibliografía. | ||
| 690 | _aHistoria Latinoamericana | ||
| 700 | 1 | _aPease, G.Y., Franklin, dir. | |
| 700 | 1 | _aMoya Pons, Frank, | |
| 710 | 2 | _aUNESCO | |
| 905 | _aUNESCO | ||
| 999 |
_c136385 _d136385 |
||